000 00521nam a2200157 4500
008 161215b xxu||||| |||| 00| 0 eng d
022 _a0893-8989
082 _aDPer 363.205 P75 May-Dec 2015 V. 39
100 _918338
_aGriffith, David
245 _aStaging a dress rehearsal/
_cDavid Griffith.
260 _aCalifornia:
_bBobit Business Media,
_cc2015.
300 _aV39 n6, pages 50-55;
_c28 cm.
500 _aPolice: the law enforcement magazine.
650 0 _918339
_aTraining
_xLaw enforcement
942 _2ddc
_cPER
999 _c6048
_d6048